Memoria /

Gardado en:
Detalles Bibliográficos
Autor Principal: Hernández R, Oscar E.
Outros autores: ed.
Formato: Texto
Publicado: San José: UCR
Materias:
Etiquetas: Engadir etiqueta
Sen Etiquetas, Sexa o primeiro en etiquetar este rexistro!

MARC

LEADER 00000 a a2200000 04500
001 29107
003
040
090 |a 190702  
100 |a Hernández R, Oscar E.  
245 |a Memoria /  |c Oscar E. Hernández R.  
260 |a San José:   |b UCR  
300 |a 182 p.  
650 |a INDICADORES DEMOGRAFICOS  
650 |a INDICADORES SOCIALES  
650 |a ESTADISTICAS SOCIALES  
700 |a ed.  
999 |c 4982  |d 4982